000
00345 a2200169 4500
001
183348
020
_a
85-322-4017-8
040
_c
Magnum
100
_a
Carvalho, Wanderley
240
1
0
_a
Biologia em foco 1
_l
por
245
1
0
_a
Biologia em foco 1
300
_a
408
362
0
_a
1998
440
1
_a
FTD
697
_a
BIOLOGIA
942
_c
BK
999
_c
183348
_d
183348